000 00309nam a22001337a 4500
008 171020b xxu||||| |||| 00| 0 eng d
020 _a0877091153
041 _aeng
080 _23RD
_a338
100 _a54
101 _aMEN
245 _aDATABASE SYSTEMS MANAGEMENT AND DESIGN
_cPRATT,P.J
942 _2udc
_cBK
999 _c35154
_d35154